Algoritmizacija projektirovanija zastrojki žilych mikrorajonov

Guardado en:
Detalles Bibliográficos
Autor principal: Džumabajev, Chamid R.
Otros Autores: Nabijev, Utkur Abdulchajevič
Formato: Libro
Lenguaje:ruso
Publicado: Taškent Fan 1986
Etiquetas: Agregar Etiqueta
Sin Etiquetas, Sea el primero en etiquetar este registro!

MARC

LEADER 00000nam a2200000 4500
001 c104588
005 20041019155132.4
041 0 |a rus 
044 |a UZ 
245 1 0 |a Algoritmizacija projektirovanija zastrojki žilych mikrorajonov  |c Chamid R. Džumabajev, Utkur Abdulchajevič Nabijev 
264 1 |a Taškent  |b Fan  |c 1986 
300 |a 174 s. 
100 1 |a Džumabajev, Chamid R. 
700 1 |a Nabijev, Utkur Abdulchajevič